Statistics for Capital to Flag #1

Click here to take the quiz!

General Stats

  • This quiz has been taken 13 times
  • The average score is 11 of 15

Answer Stats

QuestionAnswer% Correct
Beirut
100%
Oslo
100%
Accra
85%
Warsaw
85%
Zagreb
85%
Amman
77%
Niamey
77%
Baghdad
69%
Dili
69%
Monrovia
69%
Bangkok
69%
Kinshasa
69%
Managua
69%
Windhoek
62%
N'Djamena
62%

Score Distribution

Percentile by Number Answered

Percent of People with Each Score

Your Score History

You have not taken this quiz